मृदुला गर्ग की यादगारी कहानियां (Record no. 37309)

MARC details
000 -LEADER
fixed length control field 00965nam a22002057a 4500
005 - DATE AND TIME OF LATEST TRANSACTION
control field 20100723105725.0
010 ## - LCCN (DPL NO)
LC control number HIN-89740
020 ## - INTERNATIONAL STANDARD BOOK NUMBER
International Standard Book Number 9788121614641
Terms of availability 135.00
035 ## - SYSTEM CONTROL NUMBER
System control number HN-62086
037 ## - SOURCE OF ACQUISITION
Source of stock number/acquisition DBAD/PUB
082 ## - DEWEY DECIMAL CLASSIFICATION NUMBER
Classification number
100 ## - MAIN ENTRY--PERSONAL NAME
Personal name गर्ग, मृदुला
245 ## - TITLE STATEMENT
Title मृदुला गर्ग की यादगारी कहानियां
Statement of responsibility, etc मृदुला गर्ग; तेजपाल सिंह धामा द्वारा संपादित
246 ## - VARYING FORM OF TITLE
Title proper/short title Mridula Garg ki yaadgari kahaniyan
Remainder of title by Mridula Garg; editor Tejpal Singh Dhama
260 ## - PUBLICATION, DISTRIBUTION, ETC. (IMPRINT)
Place of publication, distribution, etc नई दिल्ली
Name of publisher, distributor, etc हिन्द पॉकेट बुक्स
Date of publication, distribution, etc 2010
270 ## - ADDRESS
Address जे-40, जोरबाग लेन
City नई दिल्ली
Postal code 110028
300 ## - PHYSICAL DESCRIPTION
Extent 208 पृ.
Dimensions 20 सेमी. (अजिल्द)
700 ## - ADDED ENTRY--PERSONAL NAME
Personal name धामा, तेजपाल सिंह
9 (RLIN) 798
942 ## - ADDED ENTRY ELEMENTS (KOHA)
Source of classification or shelving scheme Dewey Decimal Classification
Item type Hindi Books
Classification part
Call number suffix गर्गमृ

No items available.


© Delhi Public Library
Hit Counter
free hit counter